000 00386nam a2200157Ia 4500
008 230917s9999||||xx |||||||||||||| ||und||
040 _e202523
_aMAIN
041 _aEnglish
082 _a658.8 B268S
100 _aBaron, Steve
245 0 _aServices marketing: Text and cases
250 _a3rd ed.
260 _aLondon
_bPalgrave Macmillan
_c2012
300 _a358 p.
942 _cBK
999 _c165187
_d165187